00391nam a22001217a 4500008004100000040005500041080001700096100002300113245005000136260005600186300001500242650001200257230608b |||||||| |||| 00| 0 eng d aNational Science LibrarycNational Science Library a620.169 bK4 aHaviland, Robert P aEngineering reliability and long life design  aNew Jersey: bD. Van Nostrand Company, Inc., c1964 avii, 205p. aScience